Teofilina como agente capacitante do sêmen bovino (Registro n. 300846)
[ somente texto ]
| 000 -LÍDER | |
|---|---|
| fixed length control field | 04161nab a2200349 i 4500 |
| 003 - CÓDIGO MARC DA AGÊNCIA CATALOGADORA | |
| Campo de controle | BR-BrBNA |
| 005 - DATA E HORA DA ÚLTIMA ATUALIZAÇÃO | |
| Campo de controle | 20240812131622.0 |
| 008 - CAMPO DE TAMANHO FIXO | |
| fixed length control field | 240812b2017 bl.|r|pooa||| 00| 0 por | |
| 040 ## - FONTE DA CATALOGAÇÃO | |
| Agência catalogadora | BR-BrBNA |
| Idioma da catalogação | por |
| 072 ## - CATEGORIA AGRIS | |
| Código AGRIS | L70 |
| 072 ## - CATEGORIA AGRIS | |
| Código AGRIS | L53 |
| 100 ## - ENTRADA PRINCIPAL - NOME PESSOAL | |
| Nome pessoal | Varago, F.C. |
| 100 ## - ENTRADA PRINCIPAL - NOME PESSOAL | |
| Nome pessoal | Silva, L.P. |
| 100 ## - ENTRADA PRINCIPAL - NOME PESSOAL | |
| Nome pessoal | Ribeiro, J.R. |
| 100 ## - ENTRADA PRINCIPAL - NOME PESSOAL | |
| Nome pessoal | Fernandes, C.A. |
| 100 ## - ENTRADA PRINCIPAL - NOME PESSOAL | |
| Nome pessoal | Carvalho, B.C. |
| 100 ## - ENTRADA PRINCIPAL - NOME PESSOAL | |
| Nome pessoal | Gioso, M. M. |
| 100 ## - ENTRADA PRINCIPAL - NOME PESSOAL | |
| Nome pessoal | Moustacas, V.S. |
| 245 ## - TÍTULO PRINCIPAL | |
| Título principal | Teofilina como agente capacitante do sêmen bovino |
| 500 ## - NOTA GERAL | |
| Nota geral | Publicação online; 25 ref.; 4 tables; Summaries (En, Pt) |
| 942 ## - ADDED ENTRY ELEMENTS (KOHA) | |
| Koha item type | |
| 520 ## - NOTA DE RESUMO | |
| Nota de conteúdo | <br/><br/>RESUMO - Objetivou-se avaliar a teofilina como agente capacitante substituto ou associado à heparina sobre a reação acrossômica dos espermatozoides e o desenvolvimento de embriões produzidos in vitro. O experimento foi realizado com quatro touros e três tratamentos, totalizando 12 grupos experimentais. O sêmen dos touros foi avaliado nos tratamentos descritos a seguir: tratamento 1 (HEP): heparina – 10µg/mL; tratamento 2 (TEO): teofilina – 5mM; tratamento 3 (HEP + TEO): heparina (10µg/mL) + teofilina (5mM), por zero, seis, 12 e 18 horas, corados com trypan blue/Giemsa para avaliação da reação acrossômica. Para a produção dos embriões, os agentes capacitantes foram adicionados aos meios de fertilização. Na análise espermática, a taxa de reação acrossômica verdadeira foi maior (P<0,05) no tempo zero hora, enquanto para espermatozoides mortos, as maiores taxas (P<0,05) foram nos tempos de 12h (84,46±5,82) e 18h (86,75±4,19). A taxa de embriões produzidos (37,97±13) e a taxa de eclosão (33,50±14) foram maiores (P<0,05) para o tratamento HEP. Não foi observada diferença (P>0,05) entre touros na análise de reação acrossômica nem na PIVE. A utilização da teofilina foi tão eficiente quanto a da heparina na indução da reação acrossômica, no entanto resultou em menores taxas de produção embrionária.<br/><br/><br/>Palavras-chave: fertilização, reação acrossômica, espermatozoide, metilxantinas |
| 520 ## - NOTA DE RESUMO | |
| Nota de conteúdo | <br/><br/>ABSTRACT - The sperm capacitating process should take special attention during in vitro embryo production (IVEP) once that affects the success of embryo production. The study aimed to evaluate theophylline as substitute capacitating agent or in combination with heparin on the sperm acrosome reaction and development of embryos produced in vitro. The experiment was carried out using 4 bulls and 3 treatments, establishing 12 experimental groups. Each bull was evaluated in the following treatments: Treatment 1 (HEP): Heparin - 10mg/mL; Treatment 2 (THEO): Theophylline - 5mM; Treatment 3 (HEP + THEO), Heparin (10mg/mL) + Theophylline (5mM). The semen of bulls was incubated in each treatment for 0, 6, 12 and 18h, stained with Trypan blue / Giemsa and analyzed by electron microscopy for assessment of acrosome reaction. Using sperm of same bulls, capacitating agents were added to the fertilization media, for IVEP. In sperm analysis, the true acrosome reaction rate was higher (P<0.05) in time 0h, while sperm dead rates were highest (P<0.05) at 12h (84.46±5, 82), and 18h (86.75±4.19). The produced embryos rate (37.97±13) and hatching rate (33.50±14) were larger (P<0.05) for HEP treatment. There was no difference (P>0.05) between bulls in acrosome reaction analysis neither for IVEP. The use of theophylline was as effective as heparin in the induction of the acrosome reaction, although it resulted in lower embryo production rates.<br/><br/><br/>Keywords: fertilization, acrossome reaction, sperm, methylxanthine |
| 650 ## - ASSUNTO - THESAGRO | |
| Cabeçalho tópico ou nome geográfico | FERTILIZAÇÃO |
| 650 ## - ASSUNTO - THESAGRO | |
| Cabeçalho tópico ou nome geográfico | ESPERMATOZOIDE |
| 650 ## - ASSUNTO - THESAGRO | |
| Cabeçalho tópico ou nome geográfico | BOVINO |
| 650 ## - ASSUNTO - THESAGRO | |
| Cabeçalho tópico ou nome geográfico | EMBRIÃO |
| 650 ## - ASSUNTO - THESAGRO | |
| Cabeçalho tópico ou nome geográfico | REPRODUÇÃO ANIMAL |
| 773 0# - ENTRADA ANALÍTICA | |
| Host Biblionumber | 1643 |
| Registro do item | 316504 |
| Imprenta | Belo Horizonte-MG Universidade Federal de Minas Gerais - Escola de Veterinaria 1983 |
| Outro identificador | 2024-2999 |
| Título | Arquivo Brasileiro de Medicina Veterinária e Zootecnia (Brazil) |
| ISSN | 0102-0935 |
| Colação | v. 69(6) p. 1607-1614; (2017) |
| Número de controle de registro | BR2024002255 |
| 856 ## - ACESSO E ENDEREÇO ELETRÔNICO | |
| Identificador uniforme de recurso - URI | https://www.scielo.br/j/abmvz/a/dRWFQ69nyLLVVR4pTkwBPtM/?format=pdf&lang=pt |
Nenhum exemplar disponível.

BINAGRI